The regards a Christian congregation owe to their deceased ministers represented and urged : in a sermon preached at the old meeting in Birmingham, December 17, 1769. On occasion of the much lamented death of the Reverend Mr. Samuel Clark, ... By Caleb Ashworth, D.D. To which is added, the oration delivered at his interment, by William Howell.

Bibliographic Details
Main Author: Ashworth, Caleb, 1722-1775
Format: eBook
Language:English
Series:Eighteenth century collections online.
Online Access:Full text online

MARC

Tag First Indicator Second Indicator Subfields
LEADER 00000cam a2200000 4500
001 in00001982925
006 m | d |
007 cr |n||||||||n
008 791208s1770 enk|||| s 00| ||eng d
005 20260403183313.4
035 |a (CStRLIN)ESTCT74220 
040 |a Uk-ES  |c Uk-ES  |d CStRLIN  |d Thomson Gale  |d UtOrBLW 
100 1 |a Ashworth, Caleb,  |d 1722-1775. 
245 1 4 |a The regards a Christian congregation owe to their deceased ministers represented and urged :  |b in a sermon preached at the old meeting in Birmingham, December 17, 1769. On occasion of the much lamented death of the Reverend Mr. Samuel Clark, ... By Caleb Ashworth, D.D. To which is added, the oration delivered at his interment, by William Howell. 
264 3 |a London :  |b printed for J. Buckland; and T. Becket,  |c 1770. 
300 |a iv,48p. ;  |c 8⁰. 
336 |a text  |b txt  |2 rdacontent 
337 |a computer  |b c  |2 rdamedia 
338 |a online resource  |b cr  |2 rdacarrier 
500 |a Reproduction of original from the British Library. 
510 4 |a English Short Title Catalog,  |c ESTCT74220. 
533 |a Electronic reproduction.  |b Farmington Hills, Mich. :  |c Thomson Gale,  |d 2003.  |n Available via the World Wide Web.  |n Access limited by licensing agreements  |7 s2003 miunns 
500 |a Electronic resource. 
830 0 |a Eighteenth century collections online. 
856 4 0 |u http://proxy.library.tamu.edu/login?url=https://galenet.galegroup.com/servlet/ECCO?c=1&stp=Author&ste=11&af=BN&ae=T074220&tiPG=1&dd=0&dc=flc&docNum=CW120707696&vrsn=1.0&srchtp=a&d4=0.33&n=10&SU=0LRF&locID=txshracd2898  |z Full text online  |t 0 
999 |a MARS 
999 f f |s 9ca3fa86-4fa6-30ee-96df-76bc25ccef8c  |i dddd7ae7-eda3-3cc9-ab92-0c3a8dd7a000  |t 0 
952 f f |a Texas A&M University  |b College Station  |c Electronic Resources  |s www_evans  |d Available Online  |t 0  |h No information provided 
998 f f |t 0  |l Available Online